000 01058cam a2200301 a 4500
001 13678875
003 OSt
005 20220303120513.0
008 040806s2004 enk d 000 0 eng d
010 _a 2004301913
020 _a9780199532865
040 _aEQO
_cLC
_dDLC
042 _alccopycat
050 0 0 _aPE1628.P73
082 0 0 _a423
_222
100 _qHawker, Sara
245 0 0 _aPocket Oxford dictionary & thesaurus. /
_cedited by Sara Hawker.
246 1 8 _aPocket Oxford dictionary, thesaurus & wordpower guide
250 _a2nd ed.
260 _aNew York:
_bOxford University Press,
_c2008.
300 _ax, 834 p. ;
_c19 cm.
505 _aContents: Introduction -- Guide to the dictionary and thesaurus -- Pocket Oxford dictionary and thesaurus -- Wordfinder --
650 0 _aEnglish language
_vDictionaries.
650 0 _aEnglish language
_vSynonyms and antonyms.
906 _a7
_bcbc
_ccopycat
_d2
_encip
_f20
_gy-gencatlg
942 _2lcc
_cBK
999 _c8877
_d16377